Städte an Autobahnen A1-A9 - Statistiken

Allgemein
  • Dieses Quiz wurde 535 mal gespielt
    534 seit der letzten Aktualisierung
  • Das Durchschnittsergebnis liegt bei 18 aus 72
Antwortstatistiken
Autobahn Antwort % Korrekt
A1 Hamburg
82%
A1 Lübeck
81%
A1 Bremen
76%
A1 Osnabrück
61%
A1 Münster
54%
A1 Dortmund
43%
A1 Saarbrücken
38%
A1 Köln
36%
A1 Hamm
33%
A1 Leverkusen
32%
A1 Wuppertal
32%
A1 Hagen
31%
A7 Hamburg
30%
A2 Oberhausen
29%
A1 Remscheid
29%
A7 Hannover
28%
A3 Oberhausen
27%
A2 Magdeburg
26%
A4 Aachen
25%
A2 Braunschweig
25%
A3 Duisburg
25%
A5 Frankfurt am Main
25%
A9 München
25%
A2 Hannover
24%
A3 Köln
24%
A9 Ingolstadt
23%
A4 Köln
23%
A3 Nürnberg
23%
A9 Nürnberg
23%
A2 Dortmund
22%
A3 Frankfurt am Main
22%
A5 Karlsruhe
22%
A7 Kassel
22%
A2 Bielefeld
21%
A3 Düsseldorf
21%
A5 Freiburg im Breisgau
21%
A2 Gelsenkirchen
21%
A5 Heidelberg
21%
A3 Regensburg
21%
A6 Saarbrücken
21%
A8 Stuttgart
21%
A3 Würzburg
21%
A2 Bottrop
20%
A4 Dresden
20%
A7 Göttingen
20%
A2 Hamm
20%
A3 Leverkusen
20%
A8 München
20%
A7 Würzburg
20%
A5 Darmstadt
19%
A3 Erlangen
19%
A4 Gera
19%
A4 Jena
19%
A8 Karlsruhe
19%
A8 Ulm
19%
A8 Augsburg
18%
A4 Chemnitz
18%
A4 Erfurt
18%
A7 Hildesheim
18%
A2 Recklinghausen
18%
A3 Wiesbaden
18%
A3 Offenbach am Main
17%
A2 Gütersloh
16%
A6 Ludwigshafen am Rhein
16%
A6 Mannheim
16%
A6 Nürnberg
16%
A8 Pforzheim
16%
A6 Heilbronn
15%
A6 Kaiserslautern
15%
A3 Mülheim an der Ruhr
15%
A3 Solingen
15%
A4 Bergisch Gladbach
13%
Keine übereinstimmenden Quizze gefunden
Verteilung der Resultate
Anzahl Personen mit jedem Resultat
Perzentil nach korrekt beantworteten Fragen
Ihre Resultats-Entwicklung
Sie haben dieses Quiz seit der letzten Aktualisierung nicht gespielt